000 01754cam a22004334i 4500
003 PE-LiUPU
005 20250731173144.0
008 150623s r 000 0 d
035 _a(Sirsi) a27773
040 _aPE-LiUPU
_bspa
_cPE-LiUPU
_erda
082 0 4 _a251
_bL89
_221
100 1 _aLowry, Eugene L.,
_eautor.
245 1 4 _aThe homiletical plot :
_bthe sermon as narrative art form /
_cLowry, Eugene L.
264 1 _aLouisville :
_bWestminster John Knox Press,
_c1980.
300 _a137 páginas :
_bilustraciones, gráficos ;
_c20 cm.
336 _atext
_2rdacontent
337 _aunmediated
_2rdamedia
338 _avolume
_2rdacarrier
500 _aExpanded Edition: Edic. ampliada.
504 _aIncluye bibliografía.
505 0 _aThe sermon as narrative. The image of the sermon. Getting started. plot forms. The stages of the homiletical plot. Upsetting the equilibrium. Analyzing the discrepancy. Disclosing the clue to resolution. Experiencing the gospel. Anticipating the consequences. Other consideratons. Variatons. Preparation Biblical narrative preaching.
526 _aSEG42
526 _aSEG41
526 _aSEG40
526 _aSEG39
526 _aP94
526 _aP87
526 _aP86
526 _aP85
526 _aP77
526 _aP76
526 _aP35
650 0 4 _aSermones.
942 _2ddc
_cBOOK
949 _a251 L89
_wDEWEY
_c1
_i53147
_lCCODEBUL1
_mBUL
_p10.00
_r0
_sY
_tBOOK
_u2015-06-24
_xTEOLOGIA
_PP35
_0COMPRA
_o.STAFF. Colección General
596 _a1
999 _a251 L89
_wDEWEY
_c34948
_i53147
_f2021-11-10
_g5
_lCCODEBUL1
_mBUL
_p10.00
_r0
_sY
_tBOOK
_u2015-6-24
_xTEOLOGIA
_PP35
_0COMPRA
_o.STAFF. Colección General
_d34948
980 _81
_gALBERTO SANCHEZ Responsable de Automatización